Ο γυρισμός

Αποθηκεύτηκε σε:
Λεπτομέρειες βιβλιογραφικής εγγραφής
Κύριος συγγραφέας: Hislop, Victoria
Μορφή: Βιβλίο
Γλώσσα:Greek
English
Δημοσίευση: Αθήνα : Διόπτρα, 2008.
Θέματα:
Ετικέτες: Προσθήκη ετικέτας
Δεν υπάρχουν, Καταχωρήστε ετικέτα πρώτοι!

MARC

LEADER 00000nam a2200000 a 4500
001 1/125729
008 221220s2008####gr | ||| |||| ||gre||
020 |a 9789603643654  
040 |a GR-MyUa  |b gre  |c GR-MyUa  |e AACR2 
041 1 |a gre  |h eng 
082 7 |a 823   |2 (23) 
100 1 |a Hislop, Victoria. 
245 1 2 |a Ο γυρισμός /   |c Victoria Hislop ; μετάφραση Μιχάλης Δελόγκος.  
260 |a Αθήνα :   |b Διόπτρα,   |c 2008.  
300 |a 500 σ. ;   |c 21 εκ.  
500 |a Τίτλος πρωτοτύπου: The return.  
650 0 |a English fiction. 
765 0 8 |i Μετάφραση του:   |t The return /  
852 |a INST  |b LESVOS  |e 20221220  |h 823 HIS  |p 005100064031  |q 005100064031  |t BK  |y 0 
970 |a Καμάτσου  |b Δέσποινα  |z 20-12-2022